000 01015nam a22002417a 4500
999 _c18270
_d18270
003 AR-CdUCM
008 190513b ||||| |||| 00| 0 spa d
020 _a84-329-2111-4
040 _aMUNICIPALIDAD PROVINCIAL DEL CUSCO
_cBIBLIOTECA MUNICIPAL DEL CUSCO
082 _a693.7 /
_bSU93
100 _aSuñol, Carlos
_938762
245 _aCarpintería metálica y de plástico para la construcción /
260 _aBarcelona :
_bEdiciones CEAC,
_c1980.
300 _a384 páginas ;
_bfiguras, planos, gráficos, ilustraciones,
_c25 cm.
440 _aBiblioteca CEAC de Construcción.
_938763
505 _aContenido: Carpintería metálica -- Materiales -- Carpintería prefabricada de aluminio -- Aplicaciones en sustitución de la carpintería clásica -- Aplicaciones exteriores convencionales -- Fachadas ligeras ...
650 _aCarpintería
_920167
650 _aFabricación
_924922
650 _aConstrucción
_94996
650 _aArquitectura
_93356
942 _2ddc
_cLIBROS
945 _aachl
_d2019-05-13